000 00849nmc a2200277 a 4500
003 AR-BaBNM
005 20251128203210.0
008 127019s1986 ||||||||||||||000 | spa||
040 _cAR-BaBNM
100 1 _aMartínez Sánchez, Amparo
245 1 0 _aExigencias metódicas de la educación personalizada
250 _a2ª ed.
260 _aBuenos Aires
_bDocencia
_c1986
300 _a63 p.
490 0 _aCongreso pedagógico. Compromiso y creatividad
_vv. 64
504 _aContiene bibliografía en notas a pie de página
650 4 _aMETODOS DE ENSENANZA
650 4 _aRELACION ESCUELA-COMUNIDAD
650 4 _aRELACION ALUMNO-DOCENTE
650 4 _aEVALUACION DEL ALUMNO
653 _aEDUCACION PERSONALIZADA
653 _aORIENTACION EDUCATIVA
800 1 _aGómez de Mier, Eugenio
_ecoordinador
942 _cBK
998 _csilvi
999 _c2347
_d2347